Ekonomické aspekty bankového sektora na Slovensku perspektívy bankových systémov v krajinách strednej Európy

Procesy vnútorných zmien v bankovom sektore. Posúdenie vývoja vnútornej štruktúry komerčných bánk. Vývoj miery koncentrácie bankového sektora (1993 - 1996). Podiel subjektu s dominantným postavením (1993 - 1996). Údaje charakterizujúce veľkosť bankového sektora (bilančná hodnota, dilančná hodnota/HD...

ver descrição completa

Na minha lista:
Detalhes bibliográficos
Autor principal: Makúch, Jozef, 1953-
Formato: Livro
Idioma:eslovaco
Assuntos:
Tags: Adicionar Tag
Sem tags, seja o primeiro a adicionar uma tag!

MARC

LEADER 00000nam a2200000 4500
001 r030301
005 20251104124456.0
041 0 |a slo 
044 |a SK 
245 1 0 |a Ekonomické aspekty bankového sektora na Slovensku  |b perspektívy bankových systémov v krajinách strednej Európy  |c Jozef Makúch 
520 |a Procesy vnútorných zmien v bankovom sektore. Posúdenie vývoja vnútornej štruktúry komerčných bánk. Vývoj miery koncentrácie bankového sektora (1993 - 1996). Podiel subjektu s dominantným postavením (1993 - 1996). Údaje charakterizujúce veľkosť bankového sektora (bilančná hodnota, dilančná hodnota/HDP). 
610 2 0 |a bankovníctvo 
610 2 0 |a banky 
610 2 0 |a banky obchodné 
610 2 0 |a stredná Európa 
610 2 0 |a Slovensko 
100 1 |a Makúch, Jozef, 1953-